All foreign players Werder Bremen - Statistics

General Stats
  • This quiz has been taken 114 times
  • The average score is 51 of 169
Answer Stats
Hint Answer % Correct
Jiří Pavlenka
84%
Ailton
82%
Claudio Pizarro
79%
Milot Rashica
76%
Diego
74%
Ivan Klasnić
74%
Marco Friedl
74%
Hugo Almeida
68%
Markus Rosenberg
66%
Petri Pasanen
66%
Theodor Gebre Selassie
66%
Jens Stage
63%
Johan Micoud
63%
Josh Sargent
63%
Ludwig Augustinsson
63%
Miloš Veljković
63%
Naby Keïta
63%
Naldo
63%
Romano Schmid
63%
Zlatko Junuzović
63%
Senne Lynen
61%
Davy Klaassen
58%
Marko Arnautović
58%
Nuri Şahin
58%
Santiago García
58%
Thomas Delaney
58%
Ulisses Garcia
58%
Carlos Alberto
55%
Niklas Moisander
55%
Yuya Ōsako
55%
Angelos Charisteas
53%
Franco Di Santo
53%
Wynton Rufer
53%
Andreas Herzog
50%
Jannik Vestergaard
50%
Mohamed Zidan
50%
Olivier Deman
50%
Sebastian Boenisch
50%
Sebastian Prödl
50%
Anthony Ujah
47%
Kevin De Bruyne
47%
Paul Stalteri
47%
Boubacar Sanogo
45%
Lamine Sané
45%
Oliver Burke
45%
Wesley
45%
Assani Lukimya
42%
Gálvez
42%
Luca Caldirola
42%
Ömer Toprak
42%
Valérien Ismaël
42%
Dong-Gook Lee
39%
Ilia Gruev
39%
Izet Hajrović
39%
Mehmet Ekici
39%
Mladen Krstajić
39%
Rafael Borré
39%
Ümit Davala
39%
Yuning Zhang
39%
Daniel Jensen
37%
Kasper Jensen
37%
Lee Buchanan
37%
Dawid Kownacki
34%
Eljero Elia
34%
Florian Grillitsch
34%
Florian Kainz
34%
Krisztián Lisztes
34%
László Kleinheisler
34%
Nelson Valdez
34%
Sambou Yatabaré
34%
Viktor Skrypnyk
34%
Aron Jóhansson
32%
Ludovic Obraniak
32%
Papy Djilobodji
32%
Rune Bratseth
32%
Cédric Makiadi
29%
Ishak Belfodil
29%
Jaroslav Drobný
29%
Joseph Akpala
29%
Ludovic Magnin
29%
Mikaël Silvestre
29%
Ousman Manneh
29%
Aymen Abdennour
26%
Fallou Diagné
26%
Jurica Vranješ
26%
Pierre Womé
26%
Aleksandar Ignjovski
24%
Denni Avdić
24%
Felix Beijmo
24%
Marcelo Moreno
24%
Martin Harnik
24%
Stefanos Kapino
24%
Alexandros Tziolis
21%
Dikeni Salifou
21%
François Affolter
21%
Koen Casteels
21%
Michael Lang
21%
Rade Bogdanović
21%
Thanos Petsos
21%
Yuriy Maksimov
21%
Jelle Van Damme
18%
Jesper Verlaat
18%
John Mosquera
18%
Kyu-Hyun Park
18%
Richard Strebinger
18%
Roger Assalé
18%
Yasuhiko Okudera
18%
Duško Tošić
16%
Frank Verlaat
16%
Hany Ramzy
16%
Håvard Flo
16%
Ivica Banović
16%
Leon Andreasen
16%
Mateo Pavlović
16%
Pekka Lagerblom
16%
Raphaël Wicky
16%
Razzie Tjikuzu
16%
Roberto Silva
16%
Aleksandar Stevanović
13%
Bruno Pezzey
13%
Fabio Chiarodia
13%
Gustavo Nery
13%
Martin Kobylański
13%
Melvyn Lorenzen
13%
Predrag Stevanović
13%
Tahith Chong
13%
Vladimir Beschastnykh
13%
Adrian Kunz
11%
Dave Watson
11%
Jakub Wierzchowski
11%
Júlio César
11%
Júnior Baiano
11%
Lodewijk Roembiak
11%
Pasi Rautiainen
11%
Per Røntved
11%
Rodolfo Cardoso
11%
Samuel
11%
Amaury Bischoff
8%
Dragomir Ilic
8%
John Danielsen
8%
Kebba Badjie
8%
Leon Balogun
8%
Miodrag Petrović
8%
Ole Bjørnmose
8%
Onur Ayik
8%
Paweł Wojtala
8%
Simon Straudi
8%
Arie Van Lent
5%
Blaise Mamoum
5%
Bohdan Masztaler
5%
Chad Deering
5%
Dimitrios Daras
5%
Erhan Albayrak
5%
Ersan Dogu
5%
Gerhard Steinkogler
5%
Heimo Pfeifenberger
5%
Ibrahim Sunday
5%
Jacek Chańko
5%
Joe Di Iorio
5%
Márkó Futács
5%
Philip Salyer
5%
Poul-Erik Thygesen
5%
Robbert Te Loeke
5%
Sanny Åslund
5%
Thiago Rockenbach
5%
Vegard Skogheim
5%
Zeljko Čajkovski
5%
Said Hrusejinović
3%
Sokratis Papastathopouls
3%
No matching quizzes found
Score Distribution
Percent of People with Each Score
Percentile by Number Answered
Your Score History
You have not taken this quiz